| 000 | 00811nam a22001937a 4500 | ||
|---|---|---|---|
| 005 | 20260107143118.0 | ||
| 010 | _aHIN-130720 | ||
| 020 |
_a9788119141586 _c300.00 |
||
| 035 | _aHN-103066 | ||
| 037 | _bDBAD | ||
| 082 |
_a822 _21 |
||
| 245 |
_aशेक्सपियर: _bनिष्फल प्रेम/ _cरंगेय राघव द्वारा अनुवादित |
||
| 250 | _a1 | ||
| 260 |
_aदिल्ली _bअनन्य प्रकाशन _c2024 |
||
| 270 |
_aई-17, पंचशील गार्डन, नवीन शाहदरा _bदिल्ली _e110032 |
||
| 300 |
_a96पृ. _c22 सेमी (सजिल्द) |
||
| 700 |
_aराघव, रंगेय _eअनुवाद _986214 |
||
| 942 |
_adpl _cHN _2ddc _h822 _mनिष्फल |
||
| 999 |
_c214015 _d214015 |
||